000
00263nam a2200097Ia 4500
001
653727
005
20250826154504.0
008
250824s9999 xx 000 0 und d
245
0
_a
HALKA ÇÖREK ZİNCİRİ
_c
ALEXANDER MCALL SMİTH
260
_b
GÜNIŞIĞI YAYINLARI
999
_c
653727
_d
653727